Una denuncia de la irracionalidad : (Record no. 175492)

MARC details
000 -LEADER
campo de control de longitud fija 00944nam a2200217 i 4500
001 - NÚMERO DE CONTROL
campo de control 175492
003 - IDENTIFICADOR DE NÚMERO DE CONTROL
campo de control ES-MaACL
005 - FECHA Y HORA DE LA ÚLTIMA TRANSACCIÓN
campo de control 20240219223341.0
008 - DATOS DE LONGITUD FIJA--INFORMACIÓN GENERAL
campo de control de longitud fija 101029s2006 sp |||| | spa d
080 ## - NÚMERO DE LA CLASIFICACIÓN DECIMAL UNIVERSAL
Número de la Clasificación Decimal Universal 929 Cervantes Saavedra, Miguel de
100 1# - ENTRADA PRINCIPAL--NOMBRE DE PERSONA
Nombre de persona Abellán, José Luis,
Fechas asociadas al nombre 1933-2023
9 (RLIN) 176509
245 14 - MENCIÓN DEL TÍTULO
Título Una denuncia de la irracionalidad :
Resto del título la aventura del rebuzno /
Mención de responsabilidad, etc. José Luis Abellán.
260 ## - PUBLICACIÓN, DISTRIBUCIÓN, ETC.
Lugar de publicación, distribución, etc. Madrid :
Nombre del editor, distribuidor, etc. Real Sociedad Económica Matritense,
Fecha de publicación, distribución, etc. 2006.
300 ## - DESCRIPCIÓN FÍSICA
Extensión P. 103-110 ;
Dimensiones 24 cm.
595 ## -
-- Separata de: Torre de los Lujanes: boletín de la Real Sociedad Económica Matritense de Amigos del País, 2006, n. 58.
600 04 - PUNTO DE ACCESO ADICIONAL DE MATERIA--NOMBRE DE PERSONA
Nombre de persona Cervantes Saavedra, Miguel de,
Fechas asociadas al nombre 1547-1616-
Subdivisión general Genealogía
9 (RLIN) 37611
600 14 - PUNTO DE ACCESO ADICIONAL DE MATERIA--NOMBRE DE PERSONA
Nombre de persona Cervantes Saavedra, Miguel de,
Fechas asociadas al nombre 1547-1616-
Subdivisión general Biografías-
Subdivisión de forma Fuentes
9 (RLIN) 37597
710 2# - ENTRADA AGREGADA--NOMBRE DE ENTIDAD CORPORATIVA
Nombre de entidad corporativa o nombre de jurisdicción como elemento de entrada Real Sociedad Económica Matritense de Amigos del País.
9 (RLIN) 6389
852 ## - LOCALIZACIÓN
Ubicación ES-MaACL
Número de control de estantería 2283-F-7
Holdings
Estatus retirado Estado de pérdida Estado de daño No para préstamo Colección Biblioteca de origen Biblioteca actual Ubicación en estantería Fecha de adquisición Fuente de adquisición Total de préstamos Signatura topográfica completa Código de barras Visto por última vez Precio de reemplazo Tipo de ítem Koha
        Colección de folletos Biblioteca del Ateneo de Madrid Biblioteca del Ateneo de Madrid Depósito folletos 29/10/2010     2283-F-7 1184267 23/02/2023 23/02/2023 Folleto